| 000 | 01195cam a2200181 a 4500 | ||
|---|---|---|---|
| 999 |
_c4118 _d4118 |
||
| 020 | _a9780534637279 | ||
| 050 | 0 | 0 |
_aPN4129.15 _b.C66 2009 |
| 100 | 1 | _aCoopman, Stephanie J. | |
| 245 | 1 | 0 |
_aPublic speaking : _bthe evolving art / _cStephanie J. Coopman, James Lull. |
| 250 | _a1st ed. | ||
| 260 |
_aBoston, MA, USA : _bWadsworth Cengage Learning, _cc2009. |
||
| 300 |
_axx, 445, A1-5, G1-6, R1-10, I1-7 p. : _bcol. ill. ; _c21 x 23 cm. |
||
| 500 | _aIncludes index | ||
| 505 | _aPart I : getting started -- The evolving art of public speaking -- Building your confidence -- Listening -- Developing and researching your speech -- Developing your purpose and topic -- Adapting to your audience -- Researching your topic -- Supporting your ideas -- Organizing and outlining your speech -- Beginning and ending your speech -- Part III : presenting yourself and your ideas -- Using language effectively -- Integrating presentation media -- Delivering your speech -- Speaking situations -- Informative speaking -- Persuasive speaking -- Understanding argument -- Special occasion, distance, and group speaking. | ||
| 650 | 0 | _aPublic speaking. | |
| 700 | 1 | _aLull, James. | |
| 942 | _cBK | ||